000 00520nam a2200217Ia 4500
003 OSt
005 20220928145013.0
006 a|||||r|||| 00| 0
007 ta
008 220927b |||||||| |||| 00| 0 eng d
024 _a78206
037 _cTextual
040 _aSDCL
_cSDCL
_beng
041 _2eng
_aeng
082 _aY9(Q), L3
100 _aDesroche Henri
_9511198
245 0 _aSociology of hope.
260 _c1973
942 _hY9(Q), L3
_cTEXL
_2CC
999 _c831427
_d831427